LIBRARY & INFORMATION CENTRE, KCAET, TAVANUR

ONLINE PUBLIC ACCESS CATALOGUE (OPAC)

Engineering Industry & Technology : Survey 1991-92/ (Record no. 5383)

MARC details
000 -LEADER
fixed length control field 00426cam a2200157ua 4500
003 - CONTROL NUMBER IDENTIFIER
control field OSt
008 - FIXED-LENGTH DATA ELEMENTS--GENERAL INFORMATION
fixed length control field 240222b |||||||| |||| 00| 0 eng d
041 ## - LANGUAGE CODE
Language code of text/sound track or separate title eng
082 ## - DEWEY DECIMAL CLASSIFICATION NUMBER
Classification number 620
Item number SIE/EN
100 ## - MAIN ENTRY--AUTHOR NAME
Personal name Sieflex, .
245 ## - TITLE STATEMENT
Title Engineering Industry & Technology : Survey 1991-92/
260 ## - PUBLICATION, DISTRIBUTION, ETC. (IMPRINT)
Place of publication Madras
Name of publisher Vadamalai Media ,
Year of publication 1992.
300 ## - PHYSICAL DESCRIPTION
Number of Pages 369 ; .
500 ## - GENERAL NOTE
General note Sieflex - Pioneers in Robotic Technology
942 ## - ADDED ENTRY ELEMENTS (KOHA)
Koha item type Books
Holdings
Withdrawn status Lost status Damaged status Collection code Home library Current library Shelving location Date acquired Full call number Accession Number Koha item type
      General Books KAUAET KAUAET General Stacks 07/04/2012 620 SIE/EN 18081 Books
free website counter